[Event "Madrid-ch Previa-B"]
[Site "Madrid"]
[Date "2008.11.28"]
[Round "8"]
[White "Sanchez Rodajo, Pedro L"]
[Black "Montes Rubio, Miguel"]
[Result "0-1"]
[WhiteElo "1750"]
[BlackElo "1698"]
[PlyCount "61"]
[EventDate "2008.11.06"]
[EventType "swiss"]
[EventRounds "9"]
[EventCountry "ESP"]
[SourceTitle "CBM 127 Extra"]
[Source "ChessBase"]
[SourceDate "2009.01.08"]
[SourceVersion "2"]
[SourceVersionDate "2009.01.28"]
[SourceQuality "1"]

1. f4 d5 2. e4 dxe4 3. Nc3 Nf6 4. Qe2 Bf5 5. Qb5+ Bd7 6. Qxb7 Nc6 7. Nb5 Nd5 8. c3 Rb8 9. Qa6 Nxf4 10. Ne2 Nd3+ 11. Kd1 Nf2+ 12. Ke1 Nxh1 13. g3 Ne5 14. Nf4 Nd3+ 15. Bxd3 exd3 16. Na3 e6 17. Nxd3 Bxa3 18. Qxa3 Bb5 19. Nf4 a6 20. Qc5 Qd6 21. Qe3 Qb6 22. d4 0-0 23. Nh5 Rbe8 24. Nxg7 Re7 25. Ne8 e5 26. Qg5+ Qg6 27. Qxe7 Qe4+ 28. Be3 Qxe3+ 29. Kd1 Nf2+ 30. Kc2 Rxe8 31. Qg5+ 0-1

[Event "Madrid-ch Previa-B"]
[Site "Madrid"]
[Date "2008.11.14"]
[Round "4"]
[White "Franco Rincon, David"]
[Black "Sanchez Rodajo, Pedro L"]
[Result "1-0"]
[WhiteElo "1752"]
[BlackElo "1750"]
[PlyCount "120"]
[EventDate "2008.11.06"]
[EventType "swiss"]
[EventRounds "9"]
[EventCountry "ESP"]
[SourceTitle "CBM 127 Extra"]
[Source "ChessBase"]
[SourceDate "2009.01.08"]
[SourceVersion "2"]
[SourceVersionDate "2009.01.28"]
[SourceQuality "1"]

1. e4 e6 2. d4 d5 3. exd5 Qxd5 4. Nf3 Nf6 5. Nc3 Qd8 6. Be2 Be7 7. 0-0 0-0 8. Bf4 a6 9. h3 Nc6 10. a3 Bd6 11. Bg5 h6 12. Bh4 Be7 13. Qd3 Nd5 14. Bg3 Bf6 15. Ne4 Be7 16. c3 f5 17. Ned2 Bd6 18. Ne5 Nxe5 19. dxe5 Bc5 20. Nb3 Bb6 21. Rad1 Qg5 22. Kh1 f4 23. Bh2 Rd8 24. c4 Bd7 25. cxd5 Bc6 26. Qc3 Bxd5 27. f3 Rd7 28. Bg1 Rad8 29. Bxb6 cxb6 30. Nc1 Kh8 31. Rd3 Qe7 32. Rfd1 Rc7 33. Qe1 Qg5 34. Bf1 Re7 35. Rc3 Red7 36. Bd3 h5 37. Qe2 Qg3 38. Rf1 b5 39. b3 Qg5 40. Na2 Bc4 41. Rd1 Bd5 42. Nb4 Qg3 43. Nxd5 Rxd5 44. Bc2 g6 45. Rxd5 Rxd5 46. b4 h4 47. Rc8+ Kg7 48. Rc7+ Kh6 49. Re7 Rd8 50. Rxe6 Rg8 51. Rb6 Kh5 52. Rxb7 Rc8 53. Bd1 Rc3 54. Rh7+ Kg5 55. Qd2 Rd3 56. Qxd3 Qe1+ 57. Kh2 Qg3+ 58. Kg1 Qe1+ 59. Qf1 Qxe5 60. Qe2 Qd4+ 1-0

[Event "Madrid-ch Previa-B"]
[Site "Madrid"]
[Date "2008.11.07"]
[Round "2"]
[White "Escoredo Garcia, Jesus"]
[Black "Sanchez Rodajo, Pedro L"]
[Result "1-0"]
[WhiteElo "1906"]
[BlackElo "1750"]
[PlyCount "79"]
[EventDate "2008.11.06"]
[EventType "swiss"]
[EventRounds "9"]
[EventCountry "ESP"]
[SourceTitle "CBM 127 Extra"]
[Source "ChessBase"]
[SourceDate "2009.01.08"]
[SourceVersion "2"]
[SourceVersionDate "2009.01.28"]
[SourceQuality "1"]

1. d4 e6 2. c4 g6 3. Nc3 Bg7 4. Nf3 d6 5. Bf4 Ne7 6. e3 b6 7. Be2 Bb7 8. h3 Nd7 9. 0-0 Nf6 10. Rc1 a6 11. Qb3 Rb8 12. Rfd1 0-0 13. Nd2 Nc6 14. a3 Qe7 15. Bf3 e5 16. dxe5 dxe5 17. Bg5 Na5 18. Qa4 Qd7 19. Qc2 Bxf3 20. Nxf3 Qe6 21. Nd5 Rbc8 22. b4 Nb7 23. Bh4 h6 24. Bg3 Nd7 25. Qa4 c6 26. Qxa6 Nd6 27. Nxb6 Nxb6 28. c5 Ra8 29. Qxb6 Nc4 30. Rxc4 Qxc4 31. Bxe5 f6 32. Bd6 Qc2 33. Rf1 Rfd8 34. Qxc6 Rxa3 35. Nd4 Qc4 36. b5 Raa8 37. b6 Rac8 38. Bc7 f5 39. Ne6 Qxf1+ 40. Kxf1 1-0

[Event "Madrid-ch Previa-B"]
[Site "Madrid"]
[Date "2008.11.06"]
[Round "1"]
[White "Sanchez Rodajo, Pedro L"]
[Black "Penaranda Grilo, Juan Carlos"]
[Result "0-1"]
[WhiteElo "1750"]
[BlackElo "1930"]
[PlyCount "116"]
[EventDate "2008.11.06"]
[EventType "swiss"]
[EventRounds "9"]
[EventCountry "ESP"]
[SourceTitle "CBM 127 Extra"]
[Source "ChessBase"]
[SourceDate "2009.01.08"]
[SourceVersion "2"]
[SourceVersionDate "2009.01.28"]
[SourceQuality "1"]

1. f4 d5 2. e4 e5 3. d3 Bb4+ 4. c3 Bc5 5. d4 exd4 6. cxd4 Bb4+ 7. Bd2 Bxd2+ 8. Nxd2 dxe4 9. Nxe4 Qh4+ 10. g3 Qe7 11. Qe2 Nc6 12. 0-0-0 Nh6 13. Nc3 0-0 14. Qxe7 Nxe7 15. h3 Nhf5 16. Nge2 Ne3 17. Rd3 Nxf1 18. Rxf1 Bxh3 19. Rh1 Bf5 20. Re3 Rfe8 21. Re1 Nc6 22. Nd5 Rxe3 23. Nxe3 Bd3 24. Nc3 Nxd4 25. Rd1 Ne2+ 26. Nxe2 Bxe2 27. Rd7 Rc8 28. Nd5 Kf8 29. Rxc7 Rxc7+ 30. Nxc7 Ke7 31. Nd5+ Kd6 32. Ne3 g6 33. Kd2 Bb5 34. b3 Kc5 35. Kc3 Bd7 36. b4+ Kd6 37. Kd4 Be6 38. a3 Kc6 39. Kc3 Kb5 40. Nc2 Ka4 41. Kb2 f6 42. Nd4 Bd5 43. Ne2 Kb5 44. Kc3 h5 45. Kd4 Bf3 46. Nc3+ Kc6 47. Ke3 Bh1 48. Kf2 a6 49. Kg1 Bd5 50. Kf2 Kd6 51. Ke3 g5 52. Ne2 h4 53. fxg5 h3 54. g4 h2 55. Ng3 fxg5 56. Nf5+ Ke5 57. Ng3 h1Q 58. Nxh1 Bxh1 0-1